| 000 | 00674nam a2200217 i 4500 | ||
|---|---|---|---|
| 001 | 98348 | ||
| 003 | ES-MaACL | ||
| 005 | 20250829051024.0 | ||
| 007 | t| | ||
| 008 | 050728s1971 sp |||| | spa d | ||
| 100 | 1 |
_aMartín, Charles-Noël. _977276 |
|
| 245 | 1 | 0 |
_aMil y una semanas de ciencia / _cCharles-Nöel Martín ; [traducción de J. Ferrer Aleu]. |
| 250 | _a1ª ed. | ||
| 260 |
_aBarcelona : _bPlaza & Janés, _c1971. |
||
| 300 |
_a374 p. ; _c22 cm. |
||
| 650 | 0 | 7 |
_aDescubrimientos científicos _2embne _911825 |
| 650 | 7 |
_aInvestigación _2embne _913892 |
|
| 700 | 1 |
_aFerrer Aleu, J. _950442 |
|
| 852 |
_aES-MaACL _jC-38272 |
||
| 999 |
_c98348 _d98348 |
||